000 00412nam a22001337a 4500
008 250318b |||||||| |||| 00| 0 eng d
020 _a9787060156
050 _aJS7650
_b.U43
100 _aUMANA, A . E . Otoabasi
245 _aPolitics and Grassroots Administration in Nigeria: Issues Challenges 7 Prospect
260 _aAkwa Ibom
_bDiamond Ville Digital & Publishing
_c2006
300 _axiv, 299p.
942 _cBK
999 _c2419
_d2419